| 000 | 00722nam a2200253Ia 4500 | ||
|---|---|---|---|
| 005 | 20251020182525.0 | ||
| 008 | 200515s9999 xx 000 0 und d | ||
| 020 | _a84-329-2113-0 | ||
| 082 | _a691.42/M79 | ||
| 100 | _aMoreno G., Franco | ||
| 245 | 0 | _aEl ladrillo en la construcción | |
| 250 | _a1a ed. | ||
| 260 | _aBarcelona | ||
| 260 | _bEDICIONES CEAC, S. A. | ||
| 260 | _c1981 | ||
| 300 | _bil., tbl., graf. | ||
| 490 | _aBIBLIOTECA CEAC DE CONSTRUCCIÓN | ||
| 500 | _a2 ejemplares | ||
| 520 | _aAnaliza con gran precisión y sentido práctico cuanto se relaciona con la naturaleza y el empleo constructivo del ladrillo. | ||
| 650 | _aLADRILLOS | ||
| 942 | _cLIB | ||
| 999 |
_c1885 _d1885 |
||